Gestión de la deuda pública : (Registro nro. 5674)
[ vista simple ]
| 000 -LEADER | |
|---|---|
| fixed length control field | 01691nam a2200277Ia 4500 |
| 003 - CONTROL NUMBER IDENTIFIER | |
| control field | OSt |
| 005 - DATE AND TIME OF LATEST TRANSACTION | |
| control field | 20211124161133.0 |
| 008 - FIXED-LENGTH DATA ELEMENTS--GENERAL INFORMATION | |
| fixed length control field | 191128s2008 ck ad fr 000 0 spa d |
| 020 ## - INTERNATIONAL STANDARD BOOK NUMBER | |
| International Standard Book Number | 9789588307299 |
| 040 ## - CATALOGING SOURCE | |
| Original cataloging agency | CO-JMCR |
| Transcribing agency | CO-JMCR |
| 041 0# - LANGUAGE CODE | |
| Language code of text/sound track or separate title | spa |
| 082 04 - DEWEY DECIMAL CLASSIFICATION NUMBER | |
| Classification number | 336.34 / |
| Item number | G393g |
| Edition number | 23 |
| 110 2# - MAIN ENTRY--CORPORATE NAME | |
| Corporate name or jurisdiction name as entry element | Banco Mundial |
| Relator term | autor |
| 9 (RLIN) | 5980 |
| 245 00 - TITLE STATEMENT | |
| Title | Gestión de la deuda pública : |
| Remainder of title | del diagnóstico a la implementación de las reformas / |
| Statement of responsibility, etc. | banco Mundial ; traducción al castellano, Rafael Suárez Camacho |
| 250 ## - EDITION STATEMENT | |
| Edition statement | Primera edición |
| 260 ## - PUBLICATION, DISTRIBUTION, ETC. | |
| Place of publication, distribution, etc. | Bogotá : |
| Name of publisher, distributor, etc. | Mayol, |
| Date of publication, distribution, etc. | 2008 |
| 300 ## - PHYSICAL DESCRIPTION | |
| Extent | xvi, 107 páginas : |
| Other physical details | gráficos a blanco y negro ; |
| Dimensions | 23 cm. |
| 504 ## - BIBLIOGRAPHY, ETC. NOTE | |
| Bibliography, etc. note | Bibliografía: páginas 105-107, y notas a pie de página. |
| 505 0# - FORMATTED CONTENTS NOTE | |
| Formatted contents note | Diseño e implantación de reformas: una visión general -- Estrategia de gestión de la deuda y gestión del riesgo -- Coordinación entre la gestión de la deuda, la política fiscal, política monetaria y administración de caja |
| 520 0# - SUMMARY, ETC. | |
| Summary, etc. | La alta calidad en la gestión de la deuda pública juega un papel crítico en la reducción de la vulnerabilidad de los países a las crisis financieras. Contar con una sólida gestión del riesgo y de caja, una efectiva coordinación entre la política fiscal y monetaria, el Buen Gobierno y una adecuada capacidad institucional y de los recursos humanos permitirá a los gobiernos desarrollar e implementar estrategias eficaces de gestión de la deuda en el mediano plazo. |
| 650 14 - SUBJECT ADDED ENTRY--TOPICAL TERM | |
| Topical term or geographic name entry element | Deuda pública |
| Geographic subdivision | Países en desarrollo |
| 9 (RLIN) | 6745 |
| 650 14 - SUBJECT ADDED ENTRY--TOPICAL TERM | |
| Topical term or geographic name entry element | Gestión pública |
| Geographic subdivision | Administración |
| 9 (RLIN) | 6746 |
| 650 24 - SUBJECT ADDED ENTRY--TOPICAL TERM | |
| Topical term or geographic name entry element | Riesgo (Economía) |
| 9 (RLIN) | 6747 |
| 700 1# - ADDED ENTRY--PERSONAL NAME | |
| Personal name | Suárez Camacho, Rafael, |
| Relator term | autor |
| 9 (RLIN) | 41677 |
| 942 ## - ADDED ENTRY ELEMENTS (KOHA) | |
| Source of classification or shelving scheme | Dewey Decimal Classification |
| Koha item type | Books |
| Withdrawn status | Lost status | Source of classification or shelving scheme | Damaged status | Not for loan | Collection code | Home library | Current library | Date acquired | Source of acquisition | Full call number | Barcode | Date last seen | Copy number | Koha item type | Shelving location | Total Checkouts | Price effective from |
|---|---|---|---|---|---|---|---|---|---|---|---|---|---|---|---|---|---|
| Dewey Decimal Classification | Non-fiction | Biblioteca Pública José María del Castillo y Rada | Biblioteca Pública José María del Castillo y Rada | 11/28/2019 | Donación | 336.34 / G393g | 430003509 | 05/16/2024 | Ej.1 | Books | |||||||
| Dewey Decimal Classification | Non-fiction | Biblioteca Pública José María del Castillo y Rada | Biblioteca Pública José María del Castillo y Rada | 04/15/2018 | Donación | 336.34 / G393g | 430003510 | 05/16/2024 | Ej.2 | Books | General Stacks | 04/15/2018 |